Schaum's outline of computer architecture

Guardat en:
Dades bibliogràfiques
Autor principal: Nicholas Carter
Format: Llibre
Idioma:Undetermined
Publicat: New York McGraw-Hill 2001
Matèries:
Etiquetes: Afegir etiqueta
Sense etiquetes, Sigues el primer a etiquetar aquest registre!
Thư viện lưu trữ: Trung tâm Học liệu Trường Đại học Cần Thơ
LEADER 00486nam a2200181Ia 4500
001 CTU_51821
008 210402s9999 xx 000 0 und d
020 |b 261000 
082 |a 004.2'2 
082 |b C324 
100 |a Nicholas Carter 
245 0 |a Schaum's outline of computer architecture 
245 0 |c Nicholas Carter 
260 |a New York 
260 |b McGraw-Hill 
260 |c 2001 
650 |a computer architecture 
980 |a Trung tâm Học liệu Trường Đại học Cần Thơ